| 000 | 00377nam a22001457a 4500 | ||
|---|---|---|---|
| 082 | _aP-5 | ||
| 100 |
_aZia _947929 |
||
| 245 |
_aParlmanary design and 2D dynamic response of six story shear building _cZia, Salman |
||
| 260 |
_aMCE _c11.04.98 |
||
| 300 | _a138 p. | ||
| 526 |
_a0 _b0 _c0 _dP_5 |
||
| 650 | _aProject | ||
| 700 |
_aDr. Sohail M Qurashi _947930 |
||
| 942 |
_2ddc _cBK |
||
| 999 |
_c551010 _d551010 |
||